000 01045nas a2200325 4500
001 BR2016000246
003 BR-BrBNA
005 20231205130101.0
007 ta
008 230509b bl.|||p| |||| 00| 00por d
040 _aBR-BrBNA
_bpor
_cBiblioteca Nacional de Agricultura
041 _a(Pt)
072 _aP33
100 1 _aMachado, R.L.T.
100 1 _aTuratti, A.L.
100 1 _aMachado, A.L.T.
100 1 _aAlonço, A. dos S.
100 1 _aReis, A.V.
245 1 _aEstudo de parâmetros físicos em solo de várzea, antes e após escarificação
650 _aFISICA DO SOLO
650 _aPROPRIEDADE FISICO-QUIMICA
650 _aESCARIFICACAO
650 _aDENSIDADE DE PLANTIO
650 _aANALISE
650 _aMANEJO DO SOLO
773 0 _tCurrent Agricultural Science and Technology (Brazil)
_xISSN 2317-2436
_g(1996), v. 2(3) p. 175-178
_wBR2016000246
856 4 0 _uhttps://periodicos.ufpel.edu.br/ojs2/index.php/CAST/article/view/174/170
909 _a202311
_bLúcia
_c55
_dLúcia Elande
942 _2AGRIS
_n0
_cANA
999 _c247815
_d247815